| 000 | 00536nam a22001817a 4500 | ||
|---|---|---|---|
| 005 | 20260414155202.0 | ||
| 008 | 260414b |||||||| |||| 00| 0 eng d | ||
| 020 | _a81-8061-868-4 | ||
| 050 | _aRC 46 .B43 2006 C.1 | ||
| 100 | _aBHAT, SMITHA | ||
| 245 | _aRAPID MEDICINE REVISION MCQS IN INTERNAL MEDICINE. | ||
| 250 | _a16TH | ||
| 260 |
_aNEW DELHI, _bJAYPEE BROTHERS MEDICAL PUBLISHERS(P) LTD, _c2006. |
||
| 300 | _a226 P, | ||
| 650 | _aCLINICAL MEDICINE EXAMINATIONS, ANSWERS. | ||
| 700 | _aSHETTY, SHIRAN | ||
| 942 |
_2lcc _cBK |
||
| 999 |
_c216955 _d216955 |
||